000 00843nam a2200253 a 4500
001 61031
003 BD-RjUL
005 20211209080920.0
008 170114s1994 ii b 001 0 eng
020 _a0195635655 :
_cRs375.00
035 _a(BD-RjUL)61155
040 _aDLC
_cDLC
_dBD-RjUL
_beng
041 _aeng
082 0 0 _a491.43
_223
_bKIO 1994
100 1 _aKing, Christopher Rolland,
_d1938-
_9182114
245 1 0 _aOne language, two scripts :
_bthe Hindi movement in the nineteenth century North India /
_cChristopher R. King.
260 _aBombay :
_bOxford University Press,
_c1994.
300 _axi, 232 p. ;
_c23 cm.
504 _aIncludes bibliographical references and index.
650 0 _aHindi language
_xPolitical aspects.
_9182115
651 0 _aIndia
_xLanguages.
_9182116
942 _2ddc
_cBK
999 _c61031
_d61031